Arbeitseinsatz und Deportation : die Mitwirkung der Arbeitsverwaltung bei der nationalsozialistischen Judenverfolgung in den Jahren 1938-1945 / Dieter Maier
Record details
- ISBN: 3-89468-127-6 (brož.)
- Physical Description: 292 s.: il., faksim. ; 21 cm
- Edition: 1. Aufl.
- Publisher: Berlin : Hentrich, 1994
Content descriptions
| Bibliography, etc. Note: | Obsahuje bibliografii a bibliografické odkazy |
Search for related items by series
Available copies
- 1 of 1 copy available at Common Catalog SPOK.
Holds
- 0 current holds with 1 total copy.
Show Only Available Copies
| Location | Call Number / Copy Notes | Barcode | Shelving Location | Status | Due Date |
|---|---|---|---|---|---|
| Terezin Initiative Institute | 7 | 4594300007 | Knihovna ITI | Available | - |
| LDR | 01227cam a2200349 a 4500 | ||
|---|---|---|---|
| 001 | 25224 | ||
| 003 | CZ-PrJAB | ||
| 005 | 20230222101453.0 | ||
| 007 | ta | ||
| 008 | 121102s1994 gw ah gr 100 0 ger d | ||
| 020 | . | ‡a3-89468-127-6 (brož.) | |
| 035 | . | ‡a(CONS)22 | |
| 035 | . | ‡a(CZ PrSKC)zpk20122415174 | |
| 040 | . | ‡aNN ‡bcze ‡cDLC ‡dMBB ‡dGBVCP ‡dHEBIS ‡dDEBBG ‡dDEBSZ ‡dABA001 | |
| 043 | . | ‡ae-gx--- | |
| 045 | . | ‡ax3x4 | |
| 072 | 7. | ‡a323 ‡xVnitropolitický vývoj, politický život ‡2Konspekt ‡915 | |
| 080 | . | ‡a(=411.16) ‡2MRF | |
| 080 | . | ‡a323.28 ‡2MRF | |
| 080 | . | ‡a343.262 ‡2MRF | |
| 080 | . | ‡a341.43(=411.16) ‡2MRF | |
| 080 | . | ‡a323.12"1939/1945" ‡2MRF | |
| 080 | . | ‡a(430) ‡2MRF | |
| 080 | . | ‡a(048.8) ‡2MRF | |
| 080 | . | ‡a(093) ‡2MRF | |
| 100 | 1 | . | ‡aMaier, Dieter ‡4aut |
| 245 | 1 | 0. | ‡aArbeitseinsatz und Deportation : ‡bdie Mitwirkung der Arbeitsverwaltung bei der nationalsozialistischen Judenverfolgung in den Jahren 1938-1945 / ‡cDieter Maier |
| 250 | . | ‡a1. Aufl. | |
| 260 | . | ‡aBerlin : ‡bHentrich, ‡c1994 | |
| 300 | . | ‡a292 s.: ‡bil., faksim. ; ‡c21 cm | |
| 490 | 1 | . | ‡aPublikationen der Gedenkstätte Haus der Wannsee-Konferenz ; ‡vBd. 4 |
| 504 | . | ‡aObsahuje bibliografii a bibliografické odkazy | |
| 830 | 0. | ‡aPublikationen der Gedenkstätte Haus der Wannsee-Konferenz | |
| 852 | 4 | . | ‡bJACH-ITI ‡bJACH-ITI ‡cKnihovna ITI ‡j7 ‡p7 ‡y$0.00 |
| 910 | . | ‡aABE340 ‡b7 | |
| 995 | . | ‡askok | |
| 901 | . | ‡a25224 ‡bISxN ‡c25224 ‡tbiblio | |